La Filosofa̕ del derecho de Ernesto Garzn̤ Valdš

Detalles Bibliográficos
Autor principal: ℓlvarez Ortega, Miguel
Formato: Libro
Lenguaje:español
Publicado: Madrid : Dykinson, DL2008
Colección:Derechos Humanos y Filosofa̕ del Derecho
Materias:
Acceso en línea:Acceso restringido

MARC

LEADER 00000cam a2200000Mi 4500
005 20120228142612.0
007 cr|||| ||||
008 081027s2008 sp 000 0 spa|c
017 |a DL M. 38248-2008 
020 |a 9788498492866 
035 |a 2743 
040 |d vLex 
090 |c 3043  |d 3043 
100 1 |a ℓlvarez Ortega, Miguel 
245 1 3 |a La Filosofa̕ del derecho de Ernesto Garzn̤ Valdš   |h [Recurso electrn̤ico] /  |c Miguel ℓlvarez Ortega 
256 |a Servicio en ln̕ea 
260 |a Madrid :  |b Dykinson,  |c DL2008 
300 |a 1 recurso electrn̤ico 
500 |a La obra del pensador argentino Ernesto Garzn̤ Valdš (Cr̤doba, 1927) es sin duda una de las ms̀ completas y sugerentes del panorama, iusfilosf̤ico en la lengua castellana, Autor en el que confluyen las ms̀ impotentes corrientes del pensamiento del siglo XX, en sus trabajos se dan cita variadas y heterogňeas temt̀icas que, sintťicamente, pueden agruparse bajo los rt̤ulos de critica al Iusnaturalismo alemǹ de la posguerra, proyeccin̤ de la analt̕ica anglosajona a cuestiones de teora̕ del derecho, cuestionamiento sobre los fundamentos legitimadores de la democracia e indagacin̤ conceptual y resolutiva de problemas de ťica normativa. Pensamiento desarrollado bs̀icamente de forma focal y problematista, la literatura crt̕ica existente hasta la fecha ha venido guiada por este mismo espr̕itu particularista. EL presente libro es la primera publicacin̤ en asumir el reto de exposicin̤ sistemt̀ica del conjunto del pensamiento garzoniano, procurando proporcionar adecuadas claves de contextualizacin̤, una visin̤ coherente de su evolucin̤, plausibles pautas de lectura armonizadora, as ̕como la oportuna proteccin̤ de un fundamento aparato critico. La obra no se presenta, con pretensiones de agotamiento absoluto del conjunto de problemas concitados, ni menos aun, de resolucin̤ feliz y definitiva de so mismos, sino que procura ofrecer un esquema apropiado para el acercamiento y la comprensin̤ de las aportaciones ln̕eas e instrumentos para su valoracin̤ y critica.  
504 |a Bibliografa̕ 
506 1 |a Contenido solo disponible en los productos indicados  |d vLex Global   |d vLex Global (Academic Edition, excluding Law Schools)   |d vLex Global (U.S. Academic Edition, Law Schools)   |d vLex Global (U.S. Academic Edition, excluding Law Schools)   |d vLex Global (Academic Edition, Law Schools)  
600 1 4 |a Garzn̤ Valdš, Ernesto,  |d 1927- 
650 0 4 |a Derecho  |x Filosofa̕ 
740 0 |a vLex Libros (Servicio en ln̕ea) 
830 0 |a Derechos Humanos y Filosofa̕ del Derecho 
856 4 0 |u http://vlex.com/source/ernesto-garzon-valdes-filosofia-derecho-2743  |z Acceso restringido 
942 |c BOOK